<?xml version="1.0" encoding="UTF-8"?>
<record
    xmlns:xsi="http://www.w3.org/2001/XMLSchema-instance"
    xsi:schemaLocation="http://www.loc.gov/MARC21/slim http://www.loc.gov/standards/marcxml/schema/MARC21slim.xsd"
    xmlns="http://www.loc.gov/MARC21/slim">

  <leader>01152nab a22002297a 4500</leader>
  <datafield tag="999" ind1=" " ind2=" ">
    <subfield code="c">5286</subfield>
    <subfield code="d">5286</subfield>
  </datafield>
  <controlfield tag="003">OSt</controlfield>
  <controlfield tag="005">20250225234412.0</controlfield>
  <controlfield tag="008">190604e        xxu||||| |||| 00| 0 spa d</controlfield>
  <datafield tag="040" ind1=" " ind2=" ">
    <subfield code="c">PJ</subfield>
  </datafield>
  <datafield tag="100" ind1=" " ind2=" ">
    <subfield code="a">Viviano Hidalgo, Marina</subfield>
    <subfield code="9">6400</subfield>
  </datafield>
  <datafield tag="245" ind1="1" ind2="3">
    <subfield code="a">El silencio en la adopci&#xF3;n. Una mirada interdisciplinaria /</subfield>
    <subfield code="c">Marina Viviano Hidalgo.</subfield>
  </datafield>
  <datafield tag="260" ind1=" " ind2=" ">
    <subfield code="a">Ciudad Aut&#xF3;noma de Buenos Aires :</subfield>
    <subfield code="b">Thomson Reuters La Ley, </subfield>
    <subfield code="c">2025.</subfield>
  </datafield>
  <datafield tag="300" ind1=" " ind2=" ">
    <subfield code="a">p. 33-</subfield>
  </datafield>
  <datafield tag="500" ind1=" " ind2=" ">
    <subfield code="a">Cita Online: TR LALEY AR/DOC/2699/2024</subfield>
  </datafield>
  <datafield tag="505" ind1=" " ind2=" ">
    <subfield code="a">Sumario: I. Introducci&#xF3;n.&#x2014; II. Novela familiar.&#x2014; III. El silencio como obst&#xE1;culo en el proceso de vinculaci&#xF3;n.&#x2014; IV. El silencio en la narrativa personal del ni&#xF1;o.&#x2014; V. El derecho sale a la cancha.&#x2014; VI. Conclusi&#xF3;n.</subfield>
  </datafield>
  <datafield tag="505" ind1=" " ind2=" ">
    <subfield code="t">&#xBF;Te interesa el texto completo? Solicitalo al correo: koha@justierradelfuego.gov.ar
</subfield>
  </datafield>
  <datafield tag="650" ind1=" " ind2="0">
    <subfield code="a">DERECHO A LA IDENTIDAD</subfield>
    <subfield code="9">2345</subfield>
  </datafield>
  <datafield tag="650" ind1=" " ind2="0">
    <subfield code="a">DERECHOS DE LAS NI&#xD1;AS, NI&#xD1;OS Y ADOLESCENTES</subfield>
    <subfield code="9">2741</subfield>
  </datafield>
  <datafield tag="650" ind1=" " ind2="0">
    <subfield code="a">ADOPCI&#xD3;N</subfield>
    <subfield code="9">974</subfield>
  </datafield>
  <datafield tag="773" ind1="0" ind2=" ">
    <subfield code="0">2714</subfield>
    <subfield code="9">3171</subfield>
    <subfield code="d">Ciudad Aut&#xF3;noma de Buenos Aires : Thomson Reuters La Ley, 2014-</subfield>
    <subfield code="t">Revista anales de legislaci&#xF3;n argentina. N&#xBA; 1 - Enero 2025.</subfield>
  </datafield>
  <datafield tag="942" ind1=" " ind2=" ">
    <subfield code="2">udc</subfield>
    <subfield code="c">ANA</subfield>
  </datafield>
</record>
